00521 a2200157 450000500170000001000150001702000320003203500140006403700130007808200110009110000210010224500770012326000640020027000770026430000220034120211229121012.0 aENG-130588 a978-934-5460-149-1c1501.00 aEN-114120 bDBAD/PUB a153.93 aZahler, Kathy A. aConquering GRE Verbal Reasoning and Analytical Writing:cKathy A. Zahler aChennaibMcGraw Hill Education(india) Private Limitedc2022 aAnjana Complex No.5 /90 A, Butt Road, St. Thomas Mount bChennaie600016 a229p.c28cm (pbk)